000 00688nam a22002297a 4500
003 UA-OsUOA
001 94121
007 ta
008 20130205b un ||||| |||| 00| 0 ukr d
100 _aГрохульський Я.
090 _a821.161.1
_bГ89
942 _cBK
040 _aUA-OsUOA
_bukr
_cUA-OsUOA
_dUA-OsUOA
245 _aДружба нам дороги вторувала
_bлітературний запис Л. Горіловського
300 _a197 с.
955 _a3
041 _aukr
080 _a821.161.1
260 _aК.
_bПолитиздат
_c1973
650 7 _a82 Література. Літературознавство
_2UDC
999 _c380388
_d380388